[Event "DEN-chT XtraCon 2018-19"]
[Site "Denmark"]
[Date "2019.03.16"]
[Round "8"]
[White "Christensen, Tobias"]
[Black "Bromann, Thorbjorn"]
[Result "0-1"]
[WhiteElo "2351"]
[BlackElo "2395"]
[Annotator "NA"]
[PlyCount "118"]
[EventDate "2018.10.27"]
[EventType "team-tourn"]
[EventCountry "DEN"]
[SourceTitle "playchess.com"]
[Source "ChessBase"]
[SourceQuality "1"]
[TimeControl "40/5400+30:1800+30"]

1. e4 {[%emt 0:00:00]} e6 {[%emt 0:00:25]} 2. d4 {[%emt 0:00:00]} d5 {[%emt 0:00:04]} 3. Nc3 {[%emt 0:00:00]} Nf6 {[%emt 0:00:28]} 4. Bg5 {[%emt 0:00:48]} dxe4 {[%emt 0:01:20]} 5. Nxe4 {[%emt 0:01:08]} Nbd7 {[%emt 0:00:07]} 6. Nf3 {[%emt 0:01:28]} h6 {[%emt 0:00:41]} 7. Nxf6+ {[%emt 0:00:21]} Nxf6 {[%emt 0:00:08]} 8. Be3 {[%emt 0:00:12]} Nd5 {[%emt 0:01:33]} 9. Bd2 {[%emt 0:00:49] C10: French with 3 Nc3: Unusual Black 3rd moves and 3...dxe4} c5 {[%emt 0:01:54]} 10. Bb5+ {[%emt 0:06:56]} Bd7 {[%emt 0:00:12]} 11. Bxd7+ {[%emt 0:00:18]} Qxd7 {[%emt 0:00:06]} 12. c4 {[%emt 0:09:39]} Nb6 {[%emt 0:19:45]} 13. Rc1 {[%emt 0:00:09]} cxd4 {[%emt 0:00:41]} 14. O-O {[%emt 0:03:06]} Rc8 {[%emt 0:05:57]} 15. Ne5 {[%emt 0:05:49]} Qd8 {[%emt 0:02:40]} 16. Re1 {[%emt 0:27:06]} Bd6 {[%emt 0:06:23] [#]} 17. b3 $146 {[%emt 0:19:57]} Qf6 {[%emt 0:05:22]} 18. f4 {[%emt 0:08:46]} O-O {[%emt 0:03:04]} 19. Qh5 {[%emt 0:02:03]} Rfd8 {[%emt 0:08:40]} 20. Ng4 {[%emt 0:08:21]} Qf5 {[%emt 0:01:44]} 21. Qxf5 {[%emt 0:00:03]} exf5 {[%emt 0:00:04]} 22. Ne5 {[%emt 0:00:47]} Bxe5 {[%emt 0:13:00]} 23. Rxe5 {[%emt 0:00:02]} g6 {[%emt 0:00:08]} 24. Ba5 {[%emt 0:00:32]} Rd5 {[%emt 0:19:28]} 25. Rce1 {[%emt 0:01:05]} Rxe5 {[%emt 0:07:04]} 26. Rxe5 {[%emt 0:00:07]} Nd7 {[%emt 0:00:54]} 27. Rd5 {[%emt 0:00:46]} Nc5 {[%emt 0:00:03]} 28. Rxd4 {[%emt 0:00:55]} b6 {[%emt 0:00:24]} 29. Bd2 {[%emt 0:00:52]} Rc7 {[%emt 0:01:04]} 30. g3 {[%emt 0:01:09]} Kg7 {[%emt 0:00:39]} 31. Bb4 {[%emt 0:00:52]} Ne4 {[%emt 0:00:43]} 32. Rd8 {[%emt 0:00:16]} g5 {[%emt 0:00:24]} 33. Bd6 {[%emt 0:01:24]} Rc6 {[%emt 0:00:42]} 34. Be5+ {[%emt 0:00:25]} f6 {[%emt 0:00:02]} 35. Rd7+ {[%emt 0:00:40]} Kg6 {[%emt 0:00:02]} 36. Bd4 {[%emt 0:00:15]} a6 {[%emt 0:00:24]} 37. fxg5 {[%emt 0:00:32]} hxg5 {[%emt 0:00:48]} 38. Rb7 {[%emt 0:00:41]} b5 {[%emt 0:01:10]} 39. Rb6 {[%emt 0:00:13]} Rc8 {[%emt 0:00:38]} 40. cxb5 {[%emt 0:00:57]} Rc1+ {[%emt 0:00:29]} 41. Kg2 {[%emt 0:00:32]} axb5 {[%emt 0:02:05]} 42. Rxb5 {[%emt 0:05:54]} Rc2+ {[%emt 0:00:27]} 43. Kg1 {[%emt 0:00:49]} Rd2 {[%emt 0:02:19]} ({Don't play} 43... Rxa2 44. b4) (43... f4 $19 {and Black stays clearly on top.} 44. gxf4 gxf4) 44. Be3 {[%emt 0:01:38]} Rxa2 {[%emt 0:00:11]} 45. Rd5 {[%emt 0:01:25]} Rb2 {[%emt 0:00:36]} 46. Rd3 {[%emt 0:00:32]} Kh5 {[%emt 0:02:47]} 47. Bd4 {[%emt 0:00:14]} Rc2 {[%emt 0:00:40]} 48. h3 {[%emt 0:02:56]} g4 {[%emt 0:01:45]} 49. hxg4+ {[%emt 0:00:23]} Kxg4 {[%emt 0:00:28]} 50. b4 {[%emt 0:01:54]} Nxg3 {[%emt 0:04:48]} 51. Bf2 {[%emt 0:15:06]} f4 $19 {[%emt 0:01:33]} 52. Be1 {[%emt 0:03:00]} Kh3 {[%emt 0:01:00]} 53. Rd2 {[%emt 0:00:40]} Rc1 {[%emt 0:01:20]} 54. Rh2+ {[%emt 0:00:05]} Kg4 {[%emt 0:00:04]} 55. Kf2 {[%emt 0:00:05]} Ne4+ {[%emt 0:01:51]} 56. Kf1 {[%emt 0:00:09]} f3 {[%emt 0:00:23]} 57. Rh4+ {[%emt 0:00:27]} Kf5 {[%emt 0:00:09]} 58. Rh2 {[%emt 0:00:30]} Kf4 {[%emt 0:02:00]} 59. Rb2 {[%emt 0:00:13]} f2 {[%emt 0:01:55]} 0-1

[Event "DEN-chT XtraCon 2018-19"]
[Site "Denmark"]
[Date "2019.03.16"]
[Round "8"]
[White "Sylvan, Jacob"]
[Black "Skaanning-Pedersen, Kim Henrik"]
[Result "1/2-1/2"]
[WhiteElo "2330"]
[BlackElo "2200"]
[Annotator "NA"]
[PlyCount "57"]
[EventDate "2018.10.27"]
[EventType "team-tourn"]
[EventCountry "DEN"]
[SourceTitle "playchess.com"]
[Source "ChessBase"]
[SourceQuality "1"]
[TimeControl "40/5400+30:1800+30"]

1. e4 {[%emt 0:00:00]} c5 {[%emt 0:00:00]} 2. Nf3 {[%emt 0:00:00]} g6 {[%emt 0:00:00]} 3. d4 {[%emt 0:00:04]} cxd4 {[%emt 0:00:18]} 4. Nxd4 {[%emt 0:00:08]} Nc6 {[%emt 0:00:15]} 5. Be3 {[%emt 0:01:21]} Bg7 {[%emt 0:00:22]} 6. Nc3 {[%emt 0:01:15]} Nf6 {[%emt 0:00:15]} 7. Bc4 {[%emt 0:00:08]} Qa5 {[%emt 0:00:10]} 8. O-O {[%emt 0:07:32]} O-O {[%emt 0:00:47]} 9. Bb3 {[%emt 0:00:54]} d6 {[%emt 0:00:20]} 10. h3 {[%emt 0:01:27]} Bd7 {[%emt 0:00:32]} 11. Re1 {[%emt 0:04:07]} Rac8 {[%emt 0:04:41]} 12. f4 {[%emt 0:07:28] B35: Sicilian: Accelerated Dragon with 5 Nc3: main line} (12. Qd2 Qa6 13. f4 Rfd8 14. Rad1 b5 15. Ndxb5 Nxe4 16. Qd5 Nf6 17. Qxf7+ Kh8 18. Qc4 Qb7 19. Qe2 Rf8 {½-½ (47) Sasikiran,K (2669)-Matlakov,M (2714) Khanty-Mansiysk 2017}) 12... Nxd4 {[%emt 0:08:48]} 13. Bxd4 {[%emt 0:01:50]} Bc6 {[%emt 0:00:39]} 14. Qe2 {[%emt 0:09:26]} Nd7 {[%emt 0:11:33]} 15. e5 $146 {[%emt 0:12:07]} ({Predecessor:} 15. Qf2 Bxd4 16. Qxd4 Qc5 17. Qxc5 Nxc5 18. e5 Rfd8 19. exd6 Rxd6 20. Rxe7 Nxb3 21. axb3 {½-½ (56) Bodek,M (2236)-Barros Rivadeneira,C (2116) Caldas Novas 2011}) 15... e6 {[%emt 0:17:59]} 16. Qe3 {[%emt 0:03:22]} dxe5 {[%emt 0:01:01]} 17. fxe5 {[%emt 0:00:14]} b5 {[%emt 0:05:42]} 18. a3 {[%emt 0:02:16]} Nb6 {[%emt 0:01:59]} 19. Rad1 {[%emt 0:10:36]} Rfd8 {[%emt 0:03:57]} 20. Qf2 {[%emt 0:06:41]} Rd7 {[%emt 0:05:27]} (20... Nc4 $11) 21. Ne4 {[%emt 0:02:36]} Bxe4 $2 {[%emt 0:03:12]} ({Black should try} 21... Nc4 $14) 22. Rxe4 $2 {[%emt 0:00:32]} (22. Bxb6 $1 $18 Qxb6 23. Rxd7 Qxf2+ 24. Kxf2) 22... Rcd8 {[%emt 0:01:37]} 23. c3 {[%emt 0:00:57]} Nc4 {[%emt 0:01:14]} 24. Rde1 {[%emt 0:07:41]} Qc7 {[%emt 0:02:19]} 25. a4 {[%emt 0:01:29]} Na5 {[%emt 0:06:54]} 26. Bd1 $17 {[%emt 0:04:13]} (26. Bc2 $11) 26... Nc6 {[%emt 0:03:20]} 27. axb5 {[%emt 0:01:40]} Nxd4 {[%emt 0:02:35]} 28. cxd4 {[%emt 0:00:15]} Qb6 {[%emt 0:02:16]} 29. Rf1 {[%emt 0:03:34]} 1/2-1/2

[Event "DEN-chT XtraCon 2018-19"]
[Site "Denmark"]
[Date "2019.03.16"]
[Round "8"]
[White "Sahl, Bjarke"]
[Black "Rewitz, Poul"]
[Result "1-0"]
[WhiteElo "2322"]
[BlackElo "2227"]
[Annotator "NA"]
[PlyCount "75"]
[EventDate "2018.10.27"]
[EventType "team-tourn"]
[EventCountry "DEN"]
[SourceTitle "playchess.com"]
[Source "ChessBase"]
[SourceQuality "1"]
[TimeControl "40/5400+30:1800+30"]

1. e4 {[%emt 0:00:00]} c5 {[%emt 0:00:00]} 2. Nf3 {[%emt 0:00:08]} Nc6 {[%emt 0:00:04]} 3. c3 {[%emt 0:03:14]} d5 {[%emt 0:00:56]} 4. exd5 {[%emt 0:00:04]} Qxd5 {[%emt 0:00:07]} 5. d4 {[%emt 0:00:02]} Bf5 {[%emt 0:02:00]} 6. Be3 {[%emt 0:08:26]} Nf6 {[%emt 0:06:07] B22: Sicilian: 2 c3} (6... cxd4 7. Nxd4 Nf6 8. Nxf5 Qxf5 9. Bd3 Qd5 10. O-O O-O-O 11. Be2 Qxd1 12. Rxd1 Rxd1+ 13. Bxd1 Nd5 14. Bc1 {½-½ (41) Yeoh,L (2508)-Lagarde,M (2616) Stockholm 2018}) 7. c4 {[%emt 0:10:34]} Qd8 {[%emt 0:06:54]} 8. Nc3 {[%emt 0:04:38]} cxd4 {[%emt 0:08:40]} 9. Nxd4 {[%emt 0:00:07]} Nxd4 {[%emt 0:17:28]} 10. Qxd4 {[%emt 0:02:28]} Qxd4 {[%emt 0:05:10]} 11. Bxd4 {[%emt 0:00:04]} e6 {[%emt 0:02:59]} 12. a3 $146 {[%emt 0:00:53]} ({Predecessor:} 12. O-O-O a6 13. Bd3 Bxd3 14. Rxd3 {0-1 (63) Novikov,R (1992)-Glukhov,A (2236) Kazan 2018}) 12... Bd6 {[%emt 0:08:04]} 13. h3 {[%emt 0:04:16]} O-O {[%emt 0:02:03]} 14. g4 {[%emt 0:14:44]} Bc2 {[%emt 0:07:17]} 15. Bg2 {[%emt 0:09:00]} Rac8 {[%emt 0:03:07]} 16. Bxa7 {[%emt 0:10:05]} Rxc4 {[%emt 0:01:36]} 17. O-O {[%emt 0:01:10]} h5 {[%emt 0:01:53]} 18. Rfc1 {[%emt 0:05:33]} Bg6 {[%emt 0:01:45]} 19. g5 {[%emt 0:05:35]} Nh7 {[%emt 0:00:26]} 20. Be3 {[%emt 0:00:09]} Bf4 {[%emt 0:02:06]} 21. Nd5 {[%emt 0:01:25]} Rxc1+ {[%emt 0:03:48]} (21... exd5 $11 22. Rxc4 Bxe3 23. Bxd5 Bxg5 24. Bxb7 Bf6) 22. Rxc1 {[%emt 0:01:33]} Bxg5 {[%emt 0:02:32]} 23. Bxg5 {[%emt 0:00:21]} Nxg5 {[%emt 0:00:30]} 24. Ne7+ {[%emt 0:00:10]} Kh7 {[%emt 0:00:16]} 25. h4 $18 {[%emt 0:00:13]} Be4 {[%emt 0:11:45]} 26. hxg5 {[%emt 0:00:12]} Bxg2 {[%emt 0:00:19]} 27. Kxg2 {[%emt 0:00:04]} Rd8 {[%emt 0:00:40]} 28. Rc7 {[%emt 0:02:31]} b6 {[%emt 0:00:19]} 29. Rb7 {[%emt 0:02:51]} Rd6 {[%emt 0:00:35]} 30. b4 {[%emt 0:00:40]} Rd3 {[%emt 0:01:56]} 31. a4 {[%emt 0:01:17]} Ra3 {[%emt 0:00:24]} 32. Ra7 {[%emt 0:02:53]} e5 {[%emt 0:01:27]} 33. b5 {[%emt 0:01:18]} e4 {[%emt 0:02:05]} 34. a5 {[%emt 0:03:17]} bxa5 {[%emt 0:00:31]} 35. b6 {[%emt 0:00:03]} Rb3 {[%emt 0:00:24]} 36. b7 {[%emt 0:00:16]} Rb2 {[%emt 0:00:51]} 37. g6+ {[%emt 0:02:10]} fxg6 {[%emt 0:00:13]} 38. Nc6 {[%emt 0:00:18]} 1-0

[Event "DEN-chT XtraCon 2018-19"]
[Site "Denmark"]
[Date "2019.03.16"]
[Round "8"]
[White "Kristensen, Leif"]
[Black "Jepson, Christian"]
[Result "0-1"]
[WhiteElo "2309"]
[BlackElo "2391"]
[Annotator "NA"]
[PlyCount "60"]
[EventDate "2018.10.27"]
[EventType "team-tourn"]
[EventCountry "DEN"]
[SourceTitle "playchess.com"]
[Source "ChessBase"]
[SourceQuality "1"]
[TimeControl "40/5400+30:1800+30"]

1. e4 {[%emt 0:00:00]} e5 {[%emt 0:00:00]} 2. Bc4 {[%emt 0:00:38]} Nf6 {[%emt 0:00:00]} 3. d3 {[%emt 0:00:06]} c6 {[%emt 0:00:09]} 4. Nf3 {[%emt 0:00:43]} d5 {[%emt 0:00:22]} 5. Bb3 {[%emt 0:00:26]} a5 {[%emt 0:00:06]} 6. a3 {[%emt 0:03:12] C24: Bishop's Opening: 2...Nf6} (6. a4 Bb4+ 7. c3 Bd6 8. Bg5 dxe4 9. dxe4 h6 10. Bh4 O-O 11. O-O Na6 12. Nbd2 Qe7 13. Nc4 Bc7 {½-½ (30) Karjakin,S (2760)-Wei,Y (2739) Medias 2017}) 6... a4 {[%emt 0:00:08]} 7. Ba2 {[%emt 0:00:12]} Bd6 {[%emt 0:00:10]} 8. Nc3 {[%emt 0:03:49]} Be6 {[%emt 0:00:56]} 9. O-O {[%emt 0:16:41]} O-O {[%emt 0:01:01]} 10. Bg5 {[%emt 0:05:55]} d4 {[%emt 0:02:25]} 11. Ne2 {[%emt 0:01:16]} h6 {[%emt 0:03:44]} 12. Bh4 {[%emt 0:01:25]} c5 $146 {[%emt 0:14:03]} ({Predecessor:} 12... Nbd7 13. Ne1 g5 14. Bg3 Nc5 {½-½ (14) Staszko,M (2075)-Svoboda,P (1965) Ostrava 1998}) 13. Nd2 {[%emt 0:09:56]} Nc6 {[%emt 0:04:19]} 14. Bxe6 {[%emt 0:03:01]} fxe6 {[%emt 0:00:12]} 15. f4 {[%emt 0:00:03]} exf4 {[%emt 0:00:57]} 16. Bxf6 {[%emt 0:04:17]} Rxf6 {[%emt 0:04:08]} 17. c3 {[%emt 0:01:43]} e5 {[%emt 0:24:19]} 18. cxd4 {[%emt 0:01:10]} exd4 {[%emt 0:01:22]} 19. Rc1 {[%emt 0:04:16]} Qe7 {[%emt 0:03:02]} 20. h3 {[%emt 0:05:16]} Ne5 {[%emt 0:08:11]} 21. Nf3 {[%emt 0:02:15]} b5 {[%emt 0:00:40]} 22. Kh1 {[%emt 0:01:21]} Nxf3 {[%emt 0:06:44]} 23. Rxf3 {[%emt 0:00:05]} Qe6 $17 {[%emt 0:10:43]} 24. Qd2 {[%emt 0:03:18]} g5 {[%emt 0:00:36]} 25. Rcf1 {[%emt 0:02:03]} Be5 {[%emt 0:00:25]} 26. Ng1 {[%emt 0:01:23]} h5 {[%emt 0:04:24]} 27. h4 {[%emt 0:01:41]} g4 {[%emt 0:00:28]} 28. Rxf4 {[%emt 0:00:18]} Bxf4 {[%emt 0:00:15]} 29. Rxf4 {[%emt 0:00:02]} Raf8 {[%emt 0:00:21]} 30. Ne2 {[%emt 0:00:41]} g3 {[%emt 0:01:48]} 0-1

[Event "DEN-chT XtraCon 2018-19"]
[Site "Denmark"]
[Date "2019.03.16"]
[Round "8"]
[White "Pedersen, Nicolai Kvist Brond"]
[Black "Antonsen, Mikkel"]
[Result "1-0"]
[WhiteElo "2298"]
[BlackElo "2435"]
[Annotator "ChessBase"]
[PlyCount "69"]
[EventDate "2018.10.27"]
[EventType "team-tourn"]
[EventCountry "DEN"]
[SourceTitle "playchess.com"]
[Source "ChessBase"]
[SourceQuality "1"]
[TimeControl "40/5400+30:1800+30"]

1. d4 {[%emt 0:00:00]} Nf6 {[%emt 0:00:00]} 2. Nf3 {[%emt 0:00:00]} g6 {[%emt 0:00:27]} 3. c4 {[%emt 0:00:00]} Bg7 {[%emt 0:00:05]} 4. g3 {[%emt 0:00:00]} c6 {[%emt 0:00:12]} 5. Nc3 {[%emt 0:00:18]} d5 {[%emt 0:00:05]} 6. cxd5 {[%emt 0:00:15]} cxd5 {[%emt 0:00:05]} 7. Bg2 {[%emt 0:01:06]} O-O {[%emt 0:00:17]} 8. Ne5 {[%emt 0:00:16]} Bf5 {[%emt 0:05:01]} 9. O-O {[%emt 0:02:00]} Ne4 {[%emt 0:01:44]} 10. Qb3 {[%emt 0:05:31]} Nc6 {[%emt 0:06:51]} 11. Rd1 {[%emt 0:20:34]} Nxc3 {[%emt 0:04:48]} 12. bxc3 {[%emt 0:05:21]} Nxe5 {[%emt 0:01:05]} 13. dxe5 {[%emt 0:00:06]} Qc7 {[%emt 0:07:47]} 14. f4 {[%emt 0:09:12]} Qc5+ {[%emt 0:01:25]} 15. Kf1 {[%emt 0:01:56]} Be4 {[%emt 0:05:20]} 16. Bxe4 {[%emt 0:03:34]} dxe4 {[%emt 0:00:05]} 17. Ba3 {[%emt 0:01:55]} Qc8 {[%emt 0:03:15]} 18. Rd4 {[%emt 0:10:59]} Qf5 {[%emt 0:06:07]} 19. Qd5 {[%emt 0:04:31]} e3 {[%emt 0:00:45]} 20. Bxe7 {[%emt 0:02:12]} Rfe8 {[%emt 0:00:14]} 21. Bd6 {[%emt 0:00:39]} Rac8 {[%emt 0:05:57]} 22. Rd3 {[%emt 0:01:41]} Qh5 {[%emt 0:13:14]} 23. Qg2 {[%emt 0:02:34]} Rc6 {[%emt 0:04:03]} 24. Rb1 {[%emt 0:03:10]} Ra6 {[%emt 0:06:23]} 25. a3 {[%emt 0:00:24]} Bf8 {[%emt 0:01:43]} 26. c4 {[%emt 0:05:47]} Bxd6 {[%emt 0:05:40]} 27. exd6 {[%emt 0:00:26]} Rc6 {[%emt 0:00:10]} 28. d7 {[%emt 0:03:04]} Rd8 {[%emt 0:00:03]} 29. Rxb7 {[%emt 0:01:12]} Rxc4 {[%emt 0:00:09]} 30. Rxe3 {[%emt 0:03:05]} Rc1+ {[%emt 0:06:14]} 31. Kf2 {[%emt 0:00:01]} Qa5 {[%emt 0:00:07]} 32. Re8+ {[%emt 0:03:30]} Kg7 {[%emt 0:00:05]} 33. Qf3 {[%emt 0:01:37]} Qe1+ {[%emt 0:08:03]} 34. Kg2 {[%emt 0:00:19]} Rc2 {[%emt 0:00:38]} 35. Rxd8 {[%emt 0:05:05]} 1-0

[Event "DEN-chT XtraCon 2018-19"]
[Site "Denmark"]
[Date "2019.03.16"]
[Round "8"]
[White "Thogersen, Rasmus"]
[Black "Borge, Nikolaj"]
[Result "0-1"]
[WhiteElo "2298"]
[BlackElo "2372"]
[Annotator "NA"]
[PlyCount "58"]
[EventDate "2018.10.27"]
[EventType "team-tourn"]
[EventCountry "DEN"]
[SourceTitle "playchess.com"]
[Source "ChessBase"]
[SourceQuality "1"]
[TimeControl "40/5400+30:1800+30"]

1. e4 {[%emt 0:00:00]} c5 {[%emt 0:00:00]} 2. Nf3 {[%emt 0:00:00]} e6 {[%emt 0:00:24]} 3. d4 {[%emt 0:00:00]} cxd4 {[%emt 0:00:05]} 4. Nxd4 {[%emt 0:00:00]} Nf6 {[%emt 0:00:30]} 5. Nc3 {[%emt 0:00:14]} Nc6 {[%emt 0:00:11]} 6. Ndb5 {[%emt 0:02:02]} Bb4 {[%emt 0:01:12]} 7. a3 {[%emt 0:00:05]} Bxc3+ {[%emt 0:00:05]} 8. Nxc3 {[%emt 0:00:04]} d5 {[%emt 0:00:06]} 9. exd5 {[%emt 0:00:03]} exd5 {[%emt 0:00:06]} 10. Bd3 {[%emt 0:00:05]} O-O {[%emt 0:00:36]} 11. O-O {[%emt 0:00:05]} d4 {[%emt 0:05:07]} 12. Ne2 {[%emt 0:00:11]} Bg4 {[%emt 0:03:14]} 13. Bg5 {[%emt 0:08:21]} h6 {[%emt 0:13:49] B45: Sicilian Four Knights} 14. Bh4 {[%emt 0:02:27]} Bxe2 {[%emt 0:02:17]} 15. Qxe2 {[%emt 0:07:02]} (15. Bxe2 Re8 16. Re1 Re4 17. Bg3 Qb6 18. b4 Rae8 19. Qd2 R4e7 20. Bf3 Ne4 21. Bxe4 Rxe4 22. Rxe4 Rxe4 {½-½ (53) Hovhannisyan,R (2621)-Kovalenko,I (2646) Tegernsee 2018}) 15... Re8 {[%emt 0:00:27]} 16. Qd2 {[%emt 0:00:33]} Ne4 {[%emt 0:18:17]} 17. Qf4 $146 {[%emt 0:24:51]} ({Predecessor:} 17. Bxe4 Qxh4 18. f3 Rad8 19. Rfe1 Ne5 20. b3 b6 21. Rad1 {½-½ (48) Ciuksyte,D (2327)-Porat,M (2299) Porto Carras 2011}) 17... g5 {[%emt 0:06:05]} 18. Qf5 {[%emt 0:09:10]} Re5 {[%emt 0:01:50]} 19. Qf3 {[%emt 0:01:10]} Nd2 {[%emt 0:03:26]} 20. Qh5 $19 {[%emt 0:03:35]} gxh4 {[%emt 0:13:20]} 21. Qxh6 {[%emt 0:00:06]} Ne4 {[%emt 0:01:25]} 22. f4 {[%emt 0:04:33]} Re6 {[%emt 0:00:44]} 23. Qh5 {[%emt 0:00:24]} Qf6 {[%emt 0:07:27]} 24. Rae1 {[%emt 0:08:19]} Rae8 {[%emt 0:04:46]} 25. Qg4+ {[%emt 0:10:14]} Qg7 {[%emt 0:04:43]} 26. Qxh4 {[%emt 0:00:43]} Nd2 {[%emt 0:03:34]} 27. f5 {[%emt 0:08:25]} Rxe1 {[%emt 0:00:33]} 28. Rxe1 {[%emt 0:00:33]} Nf3+ {[%emt 0:01:39]} 29. Kf2 {[%emt 0:00:08]} Nxe1 {[%emt 0:01:55]} 0-1

[Event "DEN-chT XtraCon 2018-19"]
[Site "Denmark"]
[Date "2019.03.16"]
[Round "8"]
[White "Matthiesen, Arne"]
[Black "Haubro, Martin"]
[Result "1/2-1/2"]
[WhiteElo "2290"]
[BlackElo "2358"]
[Annotator "NA"]
[PlyCount "122"]
[EventDate "2018.10.27"]
[EventType "team-tourn"]
[EventCountry "DEN"]
[SourceTitle "playchess.com"]
[Source "ChessBase"]
[SourceQuality "1"]
[TimeControl "40/5400+30:1800+30"]

1. d4 {[%emt 0:00:00]} d5 {[%emt 0:00:00]} 2. c4 {[%emt 0:00:00]} e6 {[%emt 0:00:00]} 3. Nf3 {[%emt 0:00:10]} Nf6 {[%emt 0:00:00]} 4. Nc3 {[%emt 0:00:29]} c6 {[%emt 0:00:00]} 5. e3 {[%emt 0:01:27]} Bd6 {[%emt 0:01:31]} 6. Be2 {[%emt 0:00:21]} Nbd7 {[%emt 0:02:29]} 7. O-O {[%emt 0:00:31]} O-O {[%emt 0:06:51]} 8. b3 {[%emt 0:00:20]} Ne4 {[%emt 0:01:22]} 9. Nxe4 {[%emt 0:08:36]} dxe4 {[%emt 0:00:03]} 10. Nd2 {[%emt 0:00:07]} f5 {[%emt 0:00:04]} 11. c5 {[%emt 0:06:54] D45: Semi-Slav: 5 e3} (11. Bb2 Qh4 12. g3 Qh6 13. Qc1 Nf6 14. Ba3 Bxa3 15. Qxa3 Bd7 16. Qd6 Rad8 17. h4 Bc8 18. Qe5 Nd7 19. Qf4 {0-1 (60) Teplyi,I (2422)-Grandelius,N (2647) Denmark 2016}) 11... Bc7 {[%emt 0:01:52]} 12. Nc4 {[%emt 0:06:29]} Nf6 {[%emt 0:24:19]} 13. f3 $146 {[%emt 0:18:08]} ({Predecessor:} 13. f4 exf3 14. Bxf3 Bd7 15. Qe2 Qb8 16. g3 Be8 17. Bd2 Qd8 18. Rad1 Bg6 {1-0 (60) Miles,A (2520)-Smagin,S (2540) Philadelphia 1989}) 13... Bd7 {[%emt 0:12:07]} 14. Qe1 {[%emt 0:04:04]} Be8 {[%emt 0:01:51]} 15. Bd2 {[%emt 0:03:55]} exf3 {[%emt 0:07:01]} 16. Bxf3 {[%emt 0:00:36]} Bh5 {[%emt 0:02:04]} 17. Ba5 {[%emt 0:03:30]} b6 {[%emt 0:11:03]} 18. cxb6 axb6 {[%emt 0:00:05]} 19. Bb4 {[%emt 0:02:11]} Bxf3 {[%emt 0:00:04]} 20. Bxf8 {[%emt 0:11:34]} Bxg2 {[%emt 0:00:04]} 21. Kxg2 {[%emt 0:00:08]} Kxf8 {[%emt 0:00:04]} 22. Qe2 {[%emt 0:02:49]} Kg8 {[%emt 0:02:48]} 23. a4 {[%emt 0:05:45]} Ng4 {[%emt 0:08:06]} 24. h3 {[%emt 0:01:32]} Nf6 {[%emt 0:00:47]} 25. Nd2 {[%emt 0:04:29]} Qd6 {[%emt 0:00:11]} 26. Rh1 {[%emt 0:04:35]} Qg3+ {[%emt 0:00:53]} 27. Kf1 {[%emt 0:00:39]} Nd5 {[%emt 0:00:21]} 28. Qf3 {[%emt 0:01:25]} Nxe3+ {[%emt 0:00:34]} 29. Ke2 {[%emt 0:00:02]} Nc2 {[%emt 0:00:09]} 30. Qxg3 {[%emt 0:00:56]} Bxg3 {[%emt 0:00:06]} 31. Rag1 {[%emt 0:01:24]} Bf4 {[%emt 0:11:43]} 32. Nf3 {[%emt 0:03:33]} b5 {[%emt 0:00:32]} 33. Kd3 {[%emt 0:05:24]} Nb4+ {[%emt 0:00:05]} 34. Kc3 {[%emt 0:00:05]} Nd5+ {[%emt 0:00:07]} 35. Kb2 {[%emt 0:00:08]} bxa4 {[%emt 0:00:58]} 36. Ra1 {[%emt 0:00:15]} Nb6 {[%emt 0:00:26]} 37. bxa4 {[%emt 0:01:03]} Rxa4 {[%emt 0:00:43]} 38. Rxa4 {[%emt 0:01:11]} Nxa4+ {[%emt 0:00:04]} 39. Kb3 {[%emt 0:02:38]} Nb6 {[%emt 0:00:04]} 40. Ra1 {[%emt 0:02:05]} g5 {[%emt 0:03:09] [#]} 41. Nxg5 $1 {[%emt 0:05:53]} Bxg5 {[%emt 0:00:39]} 42. Rg1 {[%emt 0:00:10]} h6 {[%emt 0:01:35]} 43. h4 {[%emt 0:00:01]} Kf7 {[%emt 0:14:03]} 44. hxg5 {[%emt 0:00:02]} h5 {[%emt 0:00:06]} 45. g6+ {[%emt 0:01:31]} Kg7 {[%emt 0:00:05]} 46. Re1 {[%emt 0:00:20]} Kxg6 {[%emt 0:05:54]} 47. Rxe6+ {[%emt 0:00:01]} Kg5 {[%emt 0:00:06]} 48. Rxc6 {[%emt 0:00:10]} Nd7 {[%emt 0:00:08]} 49. Rc7 {[%emt 0:05:01]} Nf6 {[%emt 0:00:20]} 50. Rg7+ {[%emt 0:00:23]} Kf4 {[%emt 0:00:06]} 51. Rg6 {[%emt 0:09:07]} Ne4 {[%emt 0:00:04]} 52. d5 {[%emt 0:02:48]} h4 {[%emt 0:00:05]} 53. Kc4 {[%emt 0:03:08]} h3 {[%emt 0:00:40]} 54. Rh6 {[%emt 0:00:48]} Kg3 {[%emt 0:00:17]} 55. Kd4 {[%emt 0:00:39]} h2 {[%emt 0:01:52]} 56. Ke5 {[%emt 0:02:05]} Kg2 $11 {[%emt 0:04:42]} 57. Kxf5 {[%emt 0:02:07]} Nd6+ {[%emt 0:00:20]} 58. Ke6 {[%emt 0:00:39]} Nc4 {[%emt 0:00:06]} 59. d6 {[%emt 0:00:25]} Nxd6 {[%emt 0:00:04]} 60. Kxd6 {[%emt 0:00:01]} h1=Q {[%emt 0:00:08]} 61. Rxh1 {[%emt 0:00:03]} Kxh1 {[%emt 0:00:06]} 1/2-1/2